Principles of Agricultural Engineering- Vo-lI (Record no. 14113)
[ view plain ]
| 000 -LEADER | |
|---|---|
| fixed length control field | 00336nam a22001337a 4500 |
| 020 ## - INTERNATIONAL STANDARD BOOK NUMBER | |
| ISBN | `8186321632 |
| 082 ## - DEWEY DECIMAL CLASSIFICATION NUMBER | |
| Classification number | 631.1 |
| Item number | OJH/PR |
| 100 ## - MAIN ENTRY--AUTHOR NAME | |
| Personal name | Ojha, T P |
| -- | Michael, A M |
| 245 ## - TITLE STATEMENT | |
| Title | Principles of Agricultural Engineering- Vo-lI |
| 250 ## - EDITION STATEMENT | |
| Edition statement | 3 / 6 |
| 260 ## - PUBLICATION, DISTRIBUTION, ETC. (IMPRINT) | |
| Place of publication | New Delhi |
| Name of publisher | Jain Brothers |
| Year of publication | 2012 |
| 300 ## - PHYSICAL DESCRIPTION | |
| Number of Pages | 902,888 |
| 942 ## - ADDED ENTRY ELEMENTS (KOHA) | |
| Koha item type | Books |
| Withdrawn status | Lost status | Damaged status | Collection code | Home library | Current library | Shelving location | Date acquired | Source of acquisition | Cost, normal purchase price | Full call number | Accession Number | Koha item type |
|---|---|---|---|---|---|---|---|---|---|---|---|---|
| KAUAET | KAUAET | Scheme | 08/12/2014 | Southern Book Star | 375.00 | 631.1 OJH/PR | BB 257 | Book Bank scheme for SC students | ||||
| KAUAET | KAUAET | Scheme | 08/12/2014 | Southern Book Star | 0.00 | 631.1 OJH/PR | BB 258 | Book Bank scheme for SC students | ||||
| KAUAET | KAUAET | Scheme | 08/12/2014 | Southern Book Star | 0.00 | 631.1 OJH/PR | BB 269 | Book Bank scheme for SC students |
